Handbook of alcoholism treatment approaches: effective alternatives
| Otros Autores: | ; |
|---|---|
| Tipo de documento: | Print Libro |
| Lenguaje: | Inglés |
| Publicado: |
New York [u.a.]
Pergamon Press
1989
|
| En: |
Pergamon general psychology series (157)
Año: 1989 |
| Disponibilidad en Tübingen: | Disponible en Tübingen. UB: KB 18 A 5877 |
| Verificar disponibilidad: | HBZ Gateway |
| Servicio de pedido Subito: | Pedir ahora. |
| Palabras clave: |
MARC
| LEADER | 00000cam a2200000 c 4500 | ||
|---|---|---|---|
| 001 | 272760323 | ||
| 003 | DE-627 | ||
| 005 | 20251222212330.0 | ||
| 007 | tu | ||
| 008 | 990101s1989 xxu||||| 00| ||eng c | ||
| 016 | 7 | |a b8851360 |2 UK | |
| 020 | |a 0080364284 |9 0-08-036428-4 | ||
| 035 | |a (DE-627)272760323 | ||
| 035 | |a (DE-576)01672688X | ||
| 035 | |a (DE-599)GBV272760323 | ||
| 035 | |a (OCoLC)246795788 | ||
| 035 | |a (DE-604)8087765977 | ||
| 040 | |a DE-627 |b ger |c DE-627 |e rakwb | ||
| 041 | |a eng | ||
| 044 | |c XD-US |c XA-GB |c XB-CN | ||
| 082 | 0 | |a 616.86/1 | |
| 084 | |a CW 6940 |2 rvk |0 (DE-625)rvk/19200: | ||
| 084 | |a YH 2900 |q hdub |2 rvk |0 (DE-625)rvk/153534:12905 | ||
| 245 | 0 | 0 | |a Handbook of alcoholism treatment approaches |b effective alternatives |c ed. by Reid K. Hester; William R. Miller |
| 264 | 1 | |a New York [u.a.] |b Pergamon Press |c 1989 | |
| 300 | |a XIII, 292 S. |b graph. Darst. | ||
| 336 | |a Text |b txt |2 rdacontent | ||
| 337 | |a ohne Hilfsmittel zu benutzen |b n |2 rdamedia | ||
| 338 | |a Band |b nc |2 rdacarrier | ||
| 490 | 1 | |a Pergamon general psychology series |v 157 | |
| 500 | |a Literaturangaben | ||
| 689 | 0 | 0 | |d s |0 (DE-588)4001220-7 |0 (DE-627)106398040 |0 (DE-576)208841741 |a Alkoholismus |2 gnd |
| 689 | 0 | 1 | |d s |0 (DE-588)4047746-0 |0 (DE-627)106193694 |0 (DE-576)209074590 |a Psychotherapie |2 gnd |
| 689 | 0 | |5 (DE-627) | |
| 700 | 1 | |a Hester, Reid K. |e Hrsg. |4 edt | |
| 700 | 1 | |a Miller, William R. |d 1947- |0 (DE-588)121690008 |0 (DE-627)081469691 |0 (DE-576)162244509 |4 oth | |
| 830 | 0 | |a Pergamon general psychology series |v 157 |9 157 |w (DE-627)130505595 |w (DE-576)008403384 |w (DE-600)762261-2 |7 am | |
| 935 | |i Blocktest | ||
| 936 | r | v | |a CW 6940 |b Suchtgefährdung |k Psychologie |k Angewandte Psychologie |k Suchtgefährdung |0 (DE-627)1270707868 |0 (DE-625)rvk/19200: |0 (DE-576)200707868 |
| 936 | r | v | |a YH 2900 |b Allgemeines |k Medizin |k Psychiatrie, Medizinische Psychologie |k Psychohygiene (Psychische Hygiene) |k Sucht allgemein |k Alkoholismus: Mäßigkeitsbewegung, Enthaltsamkeit |k Allgemeines |0 (DE-627)1270953222 |0 (DE-625)rvk/153534:12905 |0 (DE-576)200953222 |
| 951 | |a BO | ||
| ELC | |b 1 | ||
| LOK | |0 000 xxxxxcx a22 zn 4500 | ||
| LOK | |0 001 3308476398 | ||
| LOK | |0 003 DE-627 | ||
| LOK | |0 004 272760323 | ||
| LOK | |0 005 20151020140328 | ||
| LOK | |0 008 891205||||||||||||||||ger||||||| | ||
| LOK | |0 040 |a DE-21 |c DE-627 |d DE-21 | ||
| LOK | |0 852 |a DE-21 | ||
| LOK | |0 852 1 |c KB 18 A 5877 |9 00 | ||
| LOK | |0 935 |a krim | ||
| LOK | |0 939 |a 05-12-89 |b l01 | ||
| ORI | |a SA-MARC-krimdoka001.raw | ||
| SIG | |a UB: KB 18 A 5877 | ||
